000 01638nam a2200373 a 4500
001 ebr10422478
003 CaPaEBR
006 m u
007 cr cn|||||||||
008 100512s2009 si a sb 100 0 eng d
010 _z 2010287717
020 _z9789814280938
020 _z9814280933
020 _z9789814280945 (e-book)
040 _aCaPaEBR
_cCaPaEBR
035 _a(OCoLC)612404849
050 1 4 _aQC793.9
_b.L35 2008eb
111 2 _aLake Louise Winter Institute
_n(23rd :
_d2008 :
_cLake Louise, Alta.)
245 1 0 _aFundamental Interactions
_h[electronic resource] :
_bproceedings of the 23rd Lake Louise Winter Institute, Lake Louise, Alberta, Canada, 18-23 February, 2008 /
_ceditors, Alan Astbury ... [et al.].
260 _aSingapore ;
_aHackensack, N.J. :
_bWorld Scientific,
_cc2009.
300 _axi, 415 p. :
_bill.
504 _aIncludes bibliographical references.
533 _aElectronic reproduction.
_bPalo Alto, Calif. :
_cebrary,
_d2013.
_nAvailable via World Wide Web.
_nAccess may be limited to ebrary affiliated libraries.
650 0 _aNuclear reactions
_vCongresses.
650 0 _aParticles (Nuclear physics)
_vCongresses.
650 0 _aParticles (Nuclear physics)
_xMeasurement
_vCongresses.
650 0 _aStandard model (Nuclear physics)
_xMeasurement
_vCongresses.
650 0 _aAstrophysics
_vCongresses.
650 0 _aNuclear astrophysics
_vCongresses.
655 7 _aElectronic books.
_2local
700 1 _aAstbury, A.
710 2 _aebrary, Inc.
856 4 0 _uhttp://site.ebrary.com/lib/rucke/Doc?id=10422478
_zAn electronic book accessible through the World Wide Web; click to view
999 _c238093
_d238093